000 00585nam a2200193Ia 4500
003 IN-BaIIA
008 211028s9999 xx 000 0 eng d
040 _cIIA Library
080 _a551.5:083.8
_bIMD
100 _aSimpson, G. C.
245 0 _aTables for the reduction of meteorological observations in India
_cSimpson G. C.
260 _aCalcutta
_bSuperintendent Government Printing
_c1925
300 _axvii,111p.
650 _aEarth Atmospheres
_9273
650 _aMeteorological-Tables
_9274
650 _aNASA Thesaurus
_9100
650 _aTables-Meteorology
_9275
942 _cBK
999 _c132
_d132